000 00415nam a2200181Ia 4500
005 20240913125743.0
008 240913s9999||||xx |||||||||||||| ||und||
041 _aENGLISH
082 _A621.388 M4
100 _aFisher R
245 0 _aServicing Digital Circuits in T V Receivers
250 _a1st
260 _bN
500 _aREFERENCE
650 _aCircuits
_bElectronics
942 _cREF
999 _c246195
_d246195